书目信息 |
| 题名: |
象牙维京人
|
|
| 作者: | 布朗 著 ;赵越 译 | |
| 分册: | ||
| 出版信息: | 北京 生活·读书·新知三联书店 2018 |
|
| 页数: | 337页 | |
| 开本: | 23cm | |
| 丛书名: | 新知文库 | |
| 单 册: | ||
| 中图分类: | K530.3 , B932.53 | |
| 科图分类: | ||
| 主题词: | 神话--shen hua--研究--北欧 | |
| 电子资源: | ||
| ISBN: | 978-7-108-06138-6 | |
| 000 | 01155nam 2200325 450 | |
| 001 | 1944961659 | |
| 005 | 20180506202923.1 | |
| 010 | @a978-7-108-06138-6@dCNY 42.00 | |
| 099 | @aCAL 012018050970 | |
| 100 | @a20180504d2018 em y0chiy50 ea | |
| 101 | 1 | @achi@ceng |
| 102 | @aCN@b110000 | |
| 105 | @aabj a 000yy | |
| 200 | 1 | @a象牙维京人@Axiang ya wei jing ren@e刘易斯棋中的北欧历史与神话@f(美) 南希·玛丽·布朗著@g赵越译 |
| 210 | @a北京@c生活·读书·新知三联书店@d2018 | |
| 215 | @a337页@c图, 地图@d23cm | |
| 225 | 2 | @a新知文库@Axin zhi wen ku@v90 |
| 312 | @a英文题名取自书中 | |
| 320 | @a有书目 (第334-337页) | |
| 410 | 0 | @12001 @a新知文库@v90 |
| 500 | 10 | @aIvory Vikings : the mystery of the most famous chessmen in the world and the woman who made them@mChinese |
| 517 | 1 | @a刘易斯棋中的北欧历史与神话@Aliu yi si qi zhong de bei ou li shi yu shen hua |
| 606 | 0 | @a神话@Ashen hua@x研究@y北欧 |
| 607 | @a北欧@Abei ou@x中世纪史@x研究 | |
| 690 | @aK530.3@v5 | |
| 690 | @aB932.53@v5 | |
| 701 | 1 | @a布朗@Abu lang@g(Brown, Nancy Marie)@4著 |
| 702 | 0 | @a赵越@Azhao yue@4译 |
| 801 | 0 | @aCN@bZSU@c20180506 |
| 905 | @aBZT@dK530.3@e1 | |
| 象牙维京人:刘易斯棋中的北欧历史与神话/(美) 南希·玛丽·布朗著/赵越译.-北京:生活·读书·新知三联书店,2018 |
| 337页:图, 地图;23cm.-(新知文库;90) |
| ISBN 978-7-108-06138-6:CNY 42.00 |
| ● |
| 相关链接 |
|
|
|
正题名:象牙维京人
索取号:K530.3/1
 
预约/预借
| 序号 | 登录号 | 条形码 | 馆藏地/架位号 | 状态 | 备注 |
| 1 | 868132 | 2000868132 | 第二书库/ [索取号:K530.3/1] | 在馆 | |
| 2 | 868133 | 2000868133 | 第二书库/ [索取号:K530.3/1] | 在馆 | |
| 3 | 868134 | 2000868134 | 第二书库/ [索取号:K530.3/1] | 在馆 |